[Event "Superettan(Solna-Orgryte)"]
[Site "?"]
[Date "2009.12.05"]
[Round "3"]
[White "Johansson, Gunnar"]
[Black "Virolainen, Victor"]
[Result "0-1"]
[WhiteElo "2277"]
[BlackElo "2207"]
[PlyCount "75"]
[EventDate "2009.??.??"]

1. d4 e6 2. c4 f5 3. g3 Nf6 4. Bg2 d5 5. Nf3 c6 6. O-O Bd6 7. Ne5 O-O 8. Bf4
Be7 9. Nd2 a5 10. Rc1 Na6 11. c5 Bd7 12. Qb3 Qc8 13. Nd3 Ne4 14. Nxe4 dxe4 15.
Ne5 g5 16. Bd2 a4 17. Qc2 Bf6 18. f3 exf3 19. Bxf3 Qc7 20. Qc3 Rad8 21. e3 Bc8
22. Nc4 Nxc5 23. Qa3 Na6 24. Ba5 Qg7 25. Bxd8 Rxd8 26. Nb6 Bxd4 27. Nxc8 Bxb2
28. Ne7+ Kh8 29. Rcd1 Re8 30. Qd6 Qxe7 31. Qxe7 Rxe7 32. Rd8+ Kg7 33. Rb1 a3
34. Ra8 Nb4 35. Ra7 Nxa2 36. Bxc6 Nc3 37. Rf1 a2 38. Bxb7 0-1

[Event "Superettan(Solna-Orgryte)"]
[Site "?"]
[Date "2009.12.05"]
[Round "3"]
[White "Lauritzson, Peter"]
[Black "Steneskog, Per"]
[Result "1/2-1/2"]
[WhiteElo "2100"]
[BlackElo "2216"]
[PlyCount "145"]
[EventDate "2009.??.??"]
[SourceDate "2009.12.14"]

1. Nf3 d5 2. c4 e6 3. g3 Nf6 4. Bg2 c5 5. O-O Nc6 6. d4 Be7 7. Nc3 O-O 8. cxd5
exd5 9. Be3 cxd4 10. Nxd4 Re8 11. Rc1 Bg4 12. h3 Be6 13. Nxc6 bxc6 14. Na4 Qd7
15. Kh2 Bf5 16. Bc5 h5 17. Bxe7 Rxe7 18. Nc5 Qe8 19. e3 Qb8 20. Qb3 Qd6 21. Qa4
Rb8 22. b3 g5 23. Kg1 Rb5 24. Qd4 Rb8 25. Rfd1 Rbe8 26. h4 Bg4 27. hxg5 Nh7 28.
Ne4 Rxe4 29. Bxe4 Nxg5 30. Bg2 Nf3+ 31. Bxf3 Bxf3 32. Qf4 Qxf4 33. gxf4 Bxd1
34. Rxd1 Kg7 35. Kg2 Kf6 36. Rc1 Re6 37. Rh1 Kg6 38. Kf3 c5 39. f5+ Kxf5 40.
Rxh5+ Kf6 41. Rxd5 Ra6 42. Rxc5 Rxa2 43. e4 a5 44. Ke3 Ra3 45. Kf4 Rxb3 46.
Rxa5 Rb6 47. Rf5+ Kg6 48. Rg5+ Kf6 49. Kg4 Rb4 50. f3 Ke6 51. Ra5 f6 52. Ra6+
Kf7 53. Kf4 Rb5 54. Rd6 Rh5 55. Rd5 Rh4+ 56. Kg3 Rh1 57. Kg4 Rg1+ 58. Kf5 Rg5+
59. Kf4 Rg1 60. Ra5 Ke6 61. Rb5 Kf7 62. Rb6 Rh1 63. Ke3 Ra1 64. f4 Ra3+ 65. Kd4
Ra1 66. Rb7+ Kg6 67. f5+ Kg5 68. Rg7+ Kf4 69. Kd5 Ra5+ 70. Ke6 Ra6+ 71. Kd5
Ra5+ 72. Ke6 Ra6+ 73. Kd5 1/2-1/2

[Event "Superettan(Solna-Orgryte)"]
[Site "?"]
[Date "2009.12.05"]
[Round "3"]
[White "Karlsson, Tomas"]
[Black "Eksmyr, Johan"]
[Result "0-1"]
[WhiteElo "2300"]
[BlackElo "2149"]
[PlyCount "108"]
[EventDate "2009.??.??"]

1. e4 c6 2. d4 d5 3. Nc3 dxe4 4. Nxe4 Nf6 5. Nxf6+ gxf6 6. Nf3 Bg4 7. c3 Qc7 8.
Be2 e6 9. Nd2 h5 10. h3 Bxe2 11. Qxe2 Nd7 12. Ne4 O-O-O 13. Be3 Be7 14. Qf3 Qa5
15. O-O Rdg8 16. Kh1 Rg6 17. b4 Qd5 18. Nd2 Rhg8 19. Rg1 Bd6 20. a3 Nb6 21.
Rac1 Qxf3 22. Nxf3 Nc4 23. a4 f5 24. Rc2 f4 25. Bc1 b5 26. axb5 cxb5 27. Ne1 f6
28. f3 e5 29. dxe5 fxe5 30. Nd3 Bc7 31. Re1 Kb7 32. Nb2 Na3 33. Rce2 Rc6 34.
Nd3 Nc4 35. Nc5+ Kc8 36. Ne4 Rd8 37. Kh2 Rd3 38. Rf1 a5 39. bxa5 Bxa5 40. Bb2
Kb7 41. Nf2 Re3 42. Rc2 Kb6 43. Ba1 Kc5 44. Rd1 Rd6 45. Rdc1 Kc6 46. Ne4 Rd8
47. Bb2 Red3 48. h4 Bb6 49. Re2 Rd1 50. g3 fxg3+ 51. Nxg3 Nxb2 52. Rxd1 Nxd1
53. Rxe5 Bc7 54. Rxh5 Rd2+ 0-1

[Event "Superettan(Solna-Orgryte)"]
[Site "?"]
[Date "2009.12.05"]
[Round "3"]
[White "Nilsson, Eskil"]
[Black "Dalmau, Jorgen"]
[Result "1/2-1/2"]
[WhiteElo "1993"]
[BlackElo "2201"]
[PlyCount "97"]

1. e4 e5 2. Nf3 Nc6 3. Bb5 a6 4. Ba4 Nf6 5. O-O Be7 6. Re1 b5 7. Bb3 d6 8. c3
O-O 9. h3 Bb7 10. d3 Na5 11. Bc2 c5 12. Be3 Qc7 13. Nbd2 d5 14. Bg5 d4 15. Rb1
Rfd8 16. Qe2 Ne8 17. Bxe7 Qxe7 18. Rbc1 Rac8 19. Bb1 Nd6 20. cxd4 cxd4 21. Bc2
Rc7 22. Nb3 Nxb3 23. Bxb3 Rdc8 24. Qd2 h6 25. Rxc7 Rxc7 26. Rc1 Ne8 27. Kf1 Rc5
28. a3 Qc7 29. Rxc5 Qxc5 30. Qc2 Qxc2 31. Bxc2 f6 32. Nd2 Nd6 33. Nb3 Kf7 34.
Nc5 Ke7 35. b4 Bc8 36. Bb3 g6 37. Ke2 f5 38. Bd5 Kf6 39. h4 Ke7 40. g3 Kf6 41.
f3 g5 42. hxg5+ hxg5 43. Bc6 fxe4 44. fxe4 Ke7 45. Kf3 Kd8 46. Bd5 Ke7 47. Bc6
Kd8 48. Bd5 Ke7 49. Bc6 1/2-1/2

[Event "Superettan(Solna-Orgryte)"]
[Site "?"]
[Date "2009.12.05"]
[Round "3"]
[White "Landgren, Andreas"]
[Black "Anderzen, Robert"]
[Result "1-0"]
[WhiteElo "2220"]
[BlackElo "1711"]
[PlyCount "48"]

1. d4 Nf6 2. c4 g6 3. Nc3 Bg7 4. e4 O-O 5. Nf3 d6 6. Be2 e5 7. O-O Nc6 8. d5
Ne7 9. Ne1 Nd7 10. Be3 f5 11. f3 f4 12. Bf2 g5 13. Rc1 Ng6 14. c5 Nf6 15. cxd6
cxd6 16. Nb5 g4 17. Nc7 g3 18. Nxa8 Nh5 19. Kh1 Qh4 20. Bg1 gxh2 21. Bf2 Qg5
22. Nc7 Nh4 23. Ne6 Bxe6 24. dxe6 Rf6 1-0

[Event "Superettan(Orebro-Horndal)"]
[Site "?"]
[Date "2009.12.05"]
[Round "3"]
[White "Olsson, Krister"]
[Black "Fransson, Peter"]
[Result "1/2-1/2"]
[WhiteElo "2324"]
[BlackElo "2351"]
[PlyCount "91"]
[EventDate "2009.??.??"]

1. d4 Nf6 2. c4 g6 3. Nc3 Bg7 4. Nf3 d6 5. Bg5 h6 6. Bh4 O-O 7. e3 Nbd7 8. Be2
c6 9. O-O Re8 10. Qc2 a6 11. b4 b6 12. Rfd1 Qc7 13. Rac1 c5 14. bxc5 bxc5 15.
dxc5 Qxc5 16. Nd4 Bb7 17. Nb3 Qc7 18. Nd5 Nxd5 19. cxd5 Qxc2 20. Rxc2 Rac8 21.
Rxc8 Bxc8 22. f3 Bb2 23. e4 Ba3 24. Bf2 Bb4 25. Rc1 Kf8 26. Rc7 f5 27. Be3 g5
28. h4 f4 29. Bf2 Ne5 30. hxg5 hxg5 31. Ra7 Kf7 32. Bd4 a5 33. Nxa5 g4 34. fxg4
Bxg4 35. Bxg4 Nxg4 36. Nc6 Bd2 37. Kf1 Be3 38. Ke2 Bxd4 39. Nxd4 Ne5 40. Nf3
Kf6 41. a4 Ng4 42. Rb7 Rc8 43. Nd4 Rc4 44. Nc6 Ne5 45. Nxe5 Rxe4+ 46. Kf3
1/2-1/2

[Event "Superettan(Orebro-Horndal)"]
[Site "?"]
[Date "2009.12.05"]
[Round "3"]
[White "Gruvaeus, Curt"]
[Black "Bengts, Torleif"]
[Result "1-0"]
[WhiteElo "2386"]
[BlackElo "2200"]
[PlyCount "79"]

1. d4 Nf6 2. Nf3 e6 3. g3 Be7 4. Bg2 O-O 5. c4 d5 6. O-O Nbd7 7. Qc2 Re8 8. Rd1
c6 9. Nbd2 a5 10. e4 dxe4 11. Nxe4 Nxe4 12. Qxe4 Bf6 13. Bf4 Qe7 14. Re1 Qb4
15. Qc2 Nf8 16. Rad1 Ng6 17. Bd2 Qf8 18. Bc3 a4 19. h4 Bd8 20. h5 Ne7 21. Bb4
Ba5 22. Ng5 g6 23. hxg6 hxg6 24. Qxa4 Bxb4 25. Qxb4 Rxa2 26. Ne4 Rd8 27. g4 Kg7
28. Qc3 e5 29. g5 Nf5 30. dxe5 Be6 31. Bh3 Qe7 32. Bg4 Rh8 33. Rd6 Raa8 34.
Red1 Rh4 35. Bf3 Rh3 36. R1d3 Kf8 37. b4 Nxd6 38. exd6 Qd8 39. Bg4 Rxd3 40.
Qh8# 1-0

[Event "Superettan(Orebro-Horndal)"]
[Site "?"]
[Date "2009.12.05"]
[Round "3"]
[White "Vaarala, Eric"]
[Black "Nygren, Kim"]
[Result "0-1"]
[WhiteElo "2178"]
[BlackElo "2328"]
[PlyCount "110"]
[EventDate "2009.??.??"]

1. e4 d5 2. exd5 Nf6 3. c4 e6 4. d4 exd5 5. Nf3 Bb4+ 6. Nc3 O-O 7. h3 Re8+ 8.
Be3 Ne4 9. Qb3 Qe7 10. Ne5 Nc6 11. cxd5 Nxe5 12. dxe5 Qxe5 13. O-O-O Bxc3 14.
bxc3 Qxc3+ 15. Qxc3 Nxc3 16. Rd4 Bf5 17. Kb2 Ne4 18. g4 Bg6 19. h4 Nd6 20. Be2
f6 21. Rc1 Re7 22. h5 Bf7 23. Bd3 Rd8 24. g5 Bxh5 25. Rg1 Rf8 26. Rh4 Bg6 27.
gxf6 Rxf6 28. Bd4 Rf3 29. Bxg6 hxg6 30. Rg3 Re2+ 31. Kb1 Rxg3 32. fxg3 Re4 33.
Bxa7 Rxh4 34. gxh4 Nb5 35. Bf2 Nc3+ 36. Kc2 Nxd5 37. Kd3 Kf7 38. Kc4 Ke6 39. a4
Kd6 40. a5 Kc6 41. Bd4 Nf6 42. Be5 Ne8 43. Kd4 Nd6 44. Kd3 Nf5 45. Ke4 Nxh4 46.
Bxg7 Nf5 47. Bc3 Nd6+ 48. Ke5 Kb5 49. Be1 Nc4+ 50. Kf6 Nxa5 51. Kxg6 Nb3 52.
Kf5 Kc4 53. Ke4 b5 54. Ke3 Nd4 55. Ba5 b4 0-1

[Event "Superettan(Orebro-Horndal)"]
[Site "?"]
[Date "2009.12.05"]
[Round "3"]
[White "Drugge, Patrick"]
[Black "Angskog, Kent"]
[Result "1-0"]
[WhiteElo "2275"]
[BlackElo "2214"]
[PlyCount "143"]
[EventDate "2009.??.??"]

1. e4 g6 2. d4 Bg7 3. Nc3 d6 4. Be3 c6 5. Qd2 b5 6. g3 Nd7 7. d5 b4 8. dxc6
bxc3 9. cxd7+ Qxd7 10. bxc3 Qc6 11. Rb1 Bxc3 12. Bb5 Bxd2+ 13. Kxd2 Bd7 14.
Bxc6 Bxc6 15. f3 f5 16. exf5 gxf5 17. Ne2 e5 18. Nd4 Kd7 19. Nxf5 Ne7 20. Nxe7
Kxe7 21. Rhf1 Rab8 22. f4 Rxb1 23. Rxb1 exf4 24. Bxf4 Rc8 25. Rb4 Rc7 26. Be3
Ke6 27. Rc4 Kd5 28. Rh4 Be8 29. Rd4+ Ke6 30. Re4+ Kd7 31. Ra4 Bg6 32. c4 Rb7
33. Kc3 Bf7 34. Bxa7 Rc7 35. Be3 Rb7 36. Bf4 Rc7 37. Kd4 Be6 38. Rb4 Bf7 39. a4
Ra7 40. Rb6 Rxa4 41. Rxd6+ Ke7 42. Rc6 h5 43. Rc7+ Kf6 44. h4 Be6 45. Kc3 Bg4
46. Rc6+ Ke7 47. Rd6 Be6 48. Rd4 Bg4 49. Kb3 Ra7 50. Bd6+ Ke6 51. c5 Rb7+ 52.
Kc4 Be2+ 53. Kc3 Bf3 54. Bf4 Rd7 55. Rb4 Kd5 56. Bd6 Ra7 57. Rd4+ Kc6 58. Rf4
Bg4 59. Kd4 Rg7 60. Rf6 Rg8 61. Bf4+ Kb7 62. Rb6+ Ka7 63. Rb2 Rg6 64. Bd6 Bf3
65. Rb3 Bd1 66. Rb1 Bf3 67. Rb3 Bd1 68. Ra3+ Kb7 69. Kd5 Bg4 70. c6+ Kb6 71.
Rb3+ Ka6 72. Kc5 1-0

[Event "Superettan(Orebro-Horndal)"]
[Site "?"]
[Date "2009.12.05"]
[Round "3"]
[White "Eriksson, Magnus"]
[Black "Lind, Jan-Olov"]
[Result "1-0"]
[WhiteElo "2095"]
[BlackElo "2202"]
[PlyCount "83"]
[EventDate "2009.??.??"]

1. d4 c5 2. d5 e5 3. e4 Nf6 4. Nc3 d6 5. Be2 Be7 6. h3 Na6 7. Nf3 Nc7 8. a4 b6
9. Nd2 O-O 10. O-O Nfe8 11. Nc4 Bg5 12. f4 Bxf4 13. Bxf4 exf4 14. Rxf4 Ba6 15.
Ne3 Qe7 16. Bxa6 Nxa6 17. Qh5 g6 18. Qe2 Nb8 19. a5 Qe5 20. axb6 a6 21. Qf2 Nd7
22. Nc4 Qe7 23. Rf1 f6 24. Ra1 Qd8 25. Na4 Qb8 26. Ra3 Ng7 27. g4 Re8 28. b7
Ra7 29. Rb3 Qc7 30. g5 Nh5 31. gxf6 Rf8 32. f7+ Kg7 33. Rff3 Rxb7 34. Nxd6 Qxd6
35. Rxb7 Ne5 36. Rfb3 Qd8 37. Nxc5 Qg5+ 38. Kh2 Qc1 39. Ne6+ Kh8 40. Nxf8 Nf4
41. Nxg6+ Nexg6 42. Qd4+ 1-0

[Event "Superettan(Orebro-Horndal)"]
[Site "?"]
[Date "2009.12.05"]
[Round "3"]
[White "Larsson, Patrik"]
[Black "Becker, Johnny"]
[Result "1-0"]
[WhiteElo "2038"]
[BlackElo "2142"]
[PlyCount "80"]

1. e4 g6 2. d4 Nf6 3. Nc3 d5 4. exd5 Nxd5 5. Qf3 Nf6 6. Bf4 c6 7. Be5 Bg7 8. h3
Be6 9. Bd3 Nbd7 10. Bh2 Qa5 11. Qd1 c5 12. dxc5 Nd5 13. Nge2 Nxc3 14. Qd2 O-O
15. c6 bxc6 16. Nxc3 Rad8 17. O-O Ne5 18. Bxe5 Bxe5 19. Rfe1 Rb8 20. Qe3 Bxc3
21. bxc3 Rfd8 22. c4 c5 23. Qe5 Rd6 24. h4 f6 25. Qg3 Kf7 26. Re3 Qd8 27. Rae1
Rbb6 28. h5 Qg8 29. hxg6+ hxg6 30. Qf4 Qg7 31. Be2 g5 32. Bh5+ Kg8 33. Qf3 Qf8
34. Rxe6 Rxe6 35. Rxe6 Rxe6 36. Qd5 Kg7 37. Qxe6 Kh6 38. Bf3 Kg7 39. Be4 Qe8
40. Qf5 Qh5 1-0

[Event "Superettan(Orebro-Horndal)"]
[Site "?"]
[Date "2009.12.05"]
[Round "3"]
[White "Marcus, Hakan"]
[Black "Blomstrom, Lars"]
[Result "1/2-1/2"]
[WhiteElo "2003"]
[BlackElo "2116"]
[PlyCount "84"]
[EventDate "2009.??.??"]

1. e4 e5 2. Nf3 Nc6 3. Bb5 a6 4. Ba4 Nf6 5. d3 b5 6. Bb3 Be7 7. O-O O-O 8. Re1
d6 9. h3 h6 10. a4 Rb8 11. axb5 axb5 12. c3 Re8 13. Nbd2 Bf8 14. Nf1 Be6 15.
Bxe6 Rxe6 16. N3h2 d5 17. Qf3 dxe4 18. dxe4 b4 19. Rd1 Rd6 20. Rxd6 Qxd6 21.
Ng4 Nxg4 22. Qxg4 Ne7 23. Be3 bxc3 24. bxc3 Qc6 25. Rc1 Ng6 26. Ng3 Bc5 27. Nf5
Bxe3 28. Nxe3 Nf4 29. Nf5 Qf6 30. g3 h5 31. Qf3 Nxh3+ 32. Kg2 g6 33. Kxh3 gxf5
34. exf5 Kg7 35. Rh1 Rh8 36. Kg2 Qg5 37. Rh4 Rh6 38. Qe4 Qf6 39. c4 Rh8 40. c5
Rh6 41. Qf3 Qg5 42. Qe4 Qf6 1/2-1/2

[Event "Superettan(Orebro-Horndal)"]
[Site "?"]
[Date "2009.12.05"]
[Round "3"]
[White "Jonsson, Krister"]
[Black "Wiker, Bo"]
[Result "1-0"]
[WhiteElo "2015"]
[BlackElo "2053"]
[PlyCount "71"]

1. d4 Nf6 2. c4 g6 3. Nc3 Bg7 4. e4 d6 5. f3 O-O 6. Be3 Na6 7. Qd2 c5 8. Nge2
cxd4 9. Nxd4 Nc5 10. Be2 Bd7 11. O-O a6 12. b4 Ne6 13. Nb3 Rc8 14. Rac1 Qe8 15.
Na5 h5 16. Nd5 Rb8 17. Ba7 Ra8 18. Bb6 Kh7 19. a3 Rb8 20. Nxf6+ Bxf6 21. f4 Nd8
22. c5 dxc5 23. e5 Bg7 24. Rxc5 Ne6 25. Rc3 Bb5 26. f5 Bxe5 27. Re3 Bxe2 28.
Qxe2 Bd4 29. fxg6+ fxg6 30. Bxd4 Rxf1+ 31. Kxf1 Qf8+ 32. Kg1 Nxd4 33. Rxe7+ Kh6
34. Qe3+ g5 35. Nb3 Rc8 36. h4 1-0

[Event "Superettan(SodraSASS-Rodeby)"]
[Site "?"]
[Date "2009.12.06"]
[Round "4"]
[White "Svensson, Anders"]
[Black "Furhoff, Johan"]
[Result "0-1"]
[WhiteElo "2350"]
[BlackElo "2411"]
[PlyCount "54"]

1. c4 e5 2. g3 Nc6 3. Bg2 f5 4. Nc3 Nf6 5. d3 Bb4 6. Bd2 d6 7. Nf3 O-O 8. O-O
Bxc3 9. Bxc3 Qe8 10. b4 Qh5 11. b5 Ne7 12. e3 f4 13. exf4 exf4 14. Nd2 Bg4 15.
Bf3 Bxf3 16. Qxf3 Ng4 17. Qg2 f3 18. Qh1 Qh3 19. Rfe1 Ng6 20. Re4 a6 21. b6 c5
22. Rae1 N6e5 23. Bxe5 dxe5 24. Nxf3 Rxf3 25. Qxf3 Qxh2+ 26. Kf1 Rf8 27. Qxf8+
Kxf8 0-1

[Event "Superettan(SodraSASS-Rodeby)"]
[Site "?"]
[Date "2009.12.06"]
[Round "4"]
[White "Winge, Stefan"]
[Black "Greiff, Hakan"]
[Result "1/2-1/2"]
[WhiteElo "2315"]
[BlackElo "2292"]
[PlyCount "111"]

1. e4 e5 2. Bc4 Nc6 3. d3 Bc5 4. Be3 Bxe3 5. fxe3 Nf6 6. Qf3 Na5 7. Nd2 Nxc4 8.
Nxc4 d6 9. Ne2 Bg4 10. Qf2 Be6 11. b3 Ng4 12. Qg3 O-O 13. O-O Qd7 14. Rf3 Nh6
15. Raf1 f5 16. exf5 Nxf5 17. Qf2 Rf7 18. e4 Nh6 19. Rxf7 Bxf7 20. Ne3 b6 21.
h3 Qe7 22. g4 Be6 23. Ng3 g6 24. Nd5 Bxd5 25. exd5 Rf8 26. Qxf8+ Qxf8 27. Rxf8+
Kxf8 28. Ne4 Ng8 29. Ng5 Nf6 30. c4 Ke7 31. Kf2 h6 32. Nf3 a5 33. Ke3 Ne8 34.
d4 exd4+ 35. Nxd4 Kf6 36. Kf4 Kf7 37. Ne6 Ke7 38. Nd4 Kf6 39. a3 g5+ 40. Ke4
Kg6 41. Nb5 Kf6 42. b4 axb4 43. axb4 Kg6 44. Kd4 Kf6 45. Nc3 Ke7 46. Ke4 Kf6
47. Na4 Kg6 48. Nc3 Nf6+ 49. Kd4 h5 50. Nb5 hxg4 51. hxg4 Ne8 52. c5 bxc5+ 53.
bxc5 dxc5+ 54. Kxc5 Nf6 55. Nxc7 Nxg4 56. Ne6 1/2-1/2

[Event "Superettan(SodraSASS-Rodeby)"]
[Site "?"]
[Date "2009.12.06"]
[Round "4"]
[White "Wahlbom, Magnus"]
[Black "Sjoberg, Mats"]
[Result "1/2-1/2"]
[WhiteElo "2253"]
[BlackElo "2358"]
[PlyCount "43"]

1. e4 c5 2. Nf3 e6 3. d4 cxd4 4. Nxd4 Nc6 5. Nc3 Qc7 6. g3 a6 7. Bg2 Nf6 8. O-O
Nxd4 9. Qxd4 Bc5 10. Bf4 d6 11. Qd2 h6 12. Rad1 e5 13. Be3 Ke7 14. h3 Be6 15.
f4 Rad8 16. Kh2 Rhe8 17. Qf2 Bxe3 18. Qxe3 Kf8 19. Rf2 b5 20. a3 Rb8 21. Rfd2
Rb6 22. Bf3 1/2-1/2

[Event "Superettan(SodraSASS-Rodeby)"]
[Site "?"]
[Date "2009.12.06"]
[Round "4"]
[White "Adler, Bo"]
[Black "Laksman, Efraim"]
[Result "1-0"]
[WhiteElo "2221"]
[BlackElo "2247"]
[PlyCount "45"]

1. d4 Nf6 2. c4 g6 3. Nc3 Bg7 4. e4 d6 5. Be2 O-O 6. Bg5 h6 7. Bh4 c5 8. d5 e6
9. Nf3 exd5 10. cxd5 Re8 11. Nd2 Na6 12. O-O g5 13. Bg3 Nc7 14. f4 Qd7 15. fxg5
hxg5 16. Nc4 Nxe4 17. Nxe4 Rxe4 18. Nxd6 Rf4 19. Bxf4 gxf4 20. Nxc8 Rxc8 21.
Rxf4 Qxd5 22. Bc4 Bd4+ 23. Kh1 1-0

[Event "Superettan(SodraSASS-Rodeby)"]
[Site "?"]
[Date "2009.12.06"]
[Round "4"]
[White "Dolgov, Mikhail"]
[Black "Johansson, Per"]
[Result "1/2-1/2"]
[WhiteElo "2018"]
[BlackElo "2025"]
[PlyCount "28"]

1. e4 c6 2. d4 d5 3. e5 Bf5 4. Nc3 e6 5. g4 Bg6 6. Nge2 f6 7. Nf4 fxe5 8. Nxg6
hxg6 9. dxe5 Nd7 10. Bf4 Bc5 11. Bd3 Ne7 12. Qe2 Qc7 13. O-O-O O-O-O 14. h4 Bd4
1/2-1/2

[Event "Superettan(SodraSASS-Rodeby)"]
[Site "?"]
[Date "2009.12.06"]
[Round "4"]
[White "Fors, Tomas"]
[Black "Ostling, Hakan"]
[Result "0-1"]
[WhiteElo "2087"]
[BlackElo "2178"]
[PlyCount "54"]
[EventDate "2009.??.??"]

1. d4 g6 2. Nf3 f5 3. g3 Nf6 4. Bg2 Bg7 5. O-O O-O 6. c4 d6 7. Nc3 Nc6 8. d5
Na5 9. Qd3 c5 10. b3 Bd7 11. Bb2 Rb8 12. Rab1 a6 13. Ng5 b5 14. Ne6 bxc4 15.
bxc4 Bxe6 16. dxe6 Ng4 17. Na4 Bxb2 18. Nxb2 Ne5 19. Qc2 f4 20. Bd5 Nac6 21.
Qe4 Nd4 22. Nd3 f3 23. Nxe5 dxe5 24. Rxb8 Nxe2+ 25. Kh1 Qxb8 26. Rb1 Qd6 27. a4
Nc3 0-1

[Event "Superettan(SodraSASS-Rodeby)"]
[Site "?"]
[Date "2009.12.06"]
[Round "4"]
[White "Eriksson, Bengt"]
[Black "Broden, Per"]
[Result "1-0"]
[WhiteElo "2009"]
[BlackElo "1910"]
[PlyCount "107"]
[SourceDate "2009.12.14"]

1. d4 d5 2. Bg5 f6 3. Bh4 c5 4. e3 Nc6 5. Nf3 Qb6 6. Nc3 e6 7. Rb1 Nh6 8. dxc5
Bxc5 9. Bd3 Bd7 10. O-O Bd6 11. e4 dxe4 12. Bxe4 Be7 13. b4 Rd8 14. b5 Na5 15.
Qe2 Qc5 16. Na4 Qh5 17. Rfd1 O-O 18. Bxb7 Kh8 19. Ba6 e5 20. Nc3 Bg4 21. Bg3
Bc5 22. h3 Bf5 23. Ne4 Bb6 24. c4 Qg6 25. c5 Bxc5 26. Nh4 Qf7 27. Nxf5 Nxf5 28.
Nxc5 Nxg3 29. fxg3 Qc7 30. Ne4 f5 31. Ng5 h6 32. Ne6 Qb6+ 33. Nd4 Rxd4 34. Kh2
e4 35. Rbc1 Rfd8 36. Rc8 Kh7 37. Rxd8 Qxd8 38. Rc1 Rd2 39. Qe1 Qd5 40. Bc8 g6
41. Qf1 Qd6 42. Bxf5 e3 43. Qf3 gxf5 44. Qxf5+ Kg7 45. Qg4+ Kh7 46. Rc8 Rxg2+
47. Kxg2 Qd2+ 48. Kf3 Qd1+ 49. Kxe3 Qe1+ 50. Qe2 Qxg3+ 51. Kd2 Qf4+ 52. Kc2
Qa4+ 53. Kb1 Qb4+ 54. Qb2 1-0

[Event "Superettan(SodraSASS-Rodeby)"]
[Site "?"]
[Date "2009.12.06"]
[Round "4"]
[White "Alqvist, Erik"]
[Black "Bernhardsson, Sten"]
[Result "0-1"]
[WhiteElo "1970"]
[BlackElo "2071"]
[PlyCount "118"]

1. e4 c5 2. Nf3 e6 3. d4 cxd4 4. Nxd4 Nc6 5. Nc3 a6 6. Be3 Qc7 7. Qd2 Nf6 8. f3
Bb4 9. g4 d6 10. g5 Nd7 11. a3 Bc5 12. f4 Nb6 13. Nxc6 Qxc6 14. O-O-O Bd7 15.
Bd4 O-O 16. h4 Rfe8 17. h5 e5 18. fxe5 Bg4 19. e6 Bxd1 20. exf7+ Kxf7 21. g6+
Kg8 22. gxh7+ Kxh7 23. Qxd1 Bxd4 24. Qxd4 Qc5 25. Qd3 Qe5 26. Bh3 Rf8 27. Bf5+
Kh8 28. Bg6 Qf4+ 29. Kb1 Qf3 30. Rd1 Qxd3 31. Rxd3 Rad8 32. Ne2 Nc4 33. Rd5 Rf2
34. Nd4 Ne3 35. Ne6 Nxd5 36. Nxd8 Nf4 37. Bf5 Nxh5 38. Nf7+ Kg8 39. Nxd6 Ng3
40. Be6+ Kf8 41. Nxb7 Nxe4 42. c4 Ke7 43. Bd5 Nf6 44. Bc6 g5 45. b4 g4 46. Nc5
Kd6 47. Bb7 a5 48. Nd3 Rd2 49. Nf4 axb4 50. axb4 g3 51. c5+ Kc7 52. Ba8 Kb8 53.
Bc6 Rd4 54. Ne2 Rxb4+ 55. Ka2 Rg4 56. Bg2 Rh4 57. Kb3 Rh2 58. Nf4 Nh5 59. Nxh5
Rxh5 0-1

[Event "Superettan(Solna-En Passant)"]
[Site "?"]
[Date "2009.12.06"]
[Round "4"]
[White "Unmack, Christian"]
[Black "Bergstrom, Christer"]
[Result "0-1"]
[WhiteElo "2219"]
[BlackElo "2345"]
[PlyCount "62"]
[EventDate "2009.??.??"]

1. d4 Nf6 2. c4 e6 3. Nc3 Bb4 4. a3 Bxc3+ 5. bxc3 O-O 6. f3 d6 7. e4 Nc6 8. Bg5
h6 9. Bh4 e5 10. Bf2 b6 11. Qc2 Ba6 12. g4 Na5 13. h4 Bxc4 14. Bxc4 Nxc4 15.
Rd1 Qe7 16. d5 c6 17. dxc6 Rac8 18. Ne2 Rxc6 19. Ng3 Nxa3 20. Qc1 Nb5 21. g5
Nh7 22. gxh6 g6 23. c4 Qf6 24. Qb2 Nc7 25. Qe2 Ne6 26. Be3 Rfc8 27. Kf2 Nf4 28.
Qd2 Rxc4 29. Qxd6 Rc2+ 30. Kf1 Nd5 31. Qxf6 Nxe3+ 0-1

[Event "Superettan(Solna-En Passant)"]
[Site "?"]
[Date "2009.12.06"]
[Round "4"]
[White "Lindberg, Bengt"]
[Black "Mansson, Peter"]
[Result "1-0"]
[WhiteElo "2444"]
[BlackElo "2069"]
[PlyCount "83"]
[SourceDate "2009.12.14"]

1. e4 c5 2. Nf3 Nc6 3. d4 cxd4 4. Nxd4 Nf6 5. Nc3 e5 6. Ndb5 d6 7. Bg5 a6 8.
Na3 b5 9. Bxf6 gxf6 10. Nd5 Bg7 11. Bd3 Ne7 12. Nxe7 Qxe7 13. c4 f5 14. O-O O-O
15. Qh5 Rb8 16. cxb5 fxe4 17. Bxe4 f5 18. Bd5+ Be6 19. Rad1 axb5 20. Nc2 Rbc8
21. Ne3 Kh8 22. b3 f4 23. Be4 Bf6 24. Nf5 Bxf5 25. Qxf5 Bh4 26. Qh3 b4 27. g3
fxg3 28. hxg3 Bg5 29. Rxd6 Rc7 30. Rfd1 Qf7 31. f3 Be3+ 32. Kg2 Bd4 33. Rh6 Qg8
34. Rh1 Rff7 35. Qe6 Qf8 36. R1h5 Ra7 37. Kh1 Rfe7 38. Qg6 Qf7 39. Rxh7+ Qxh7
40. Qf6+ Kg8 41. Bd5+ Qf7 42. Rh8# 1-0

[Event "Superettan(Solna-En Passant)"]
[Site "?"]
[Date "2009.12.06"]
[Round "4"]
[White "Carlsson, Christofer"]
[Black "Johansson, Gunnar"]
[Result "0-1"]
[WhiteElo "2144"]
[BlackElo "2277"]
[PlyCount "90"]

1. d4 d5 2. c4 c6 3. Nf3 e6 4. Nc3 Nf6 5. Bg5 dxc4 6. e4 b5 7. a4 Qb6 8. Be3 b4
9. Na2 Nxe4 10. Bxc4 Be7 11. O-O O-O 12. Qd3 Nf6 13. Rad1 Qa5 14. Ne5 Qxa4 15.
Bg5 Qa5 16. Qg3 Ne4 17. Qg4 Nxg5 18. f4 f5 19. Qh5 Nf7 20. Rf3 Nxe5 21. fxe5 g6
22. Qh6 Rf7 23. g4 Bf8 24. Qh4 Qc7 25. gxf5 gxf5 26. Kf2 Kh8 27. Rg1 Qe7 28.
Qh5 Rg7 29. Rxg7 Bxg7 30. Rh3 Bf8 31. Rg3 Bg7 32. Rh3 h6 33. Qg6 a5 34. Nc1 Ra7
35. Nd3 Qf7 36. Rxh6+ Bxh6 37. Qxh6+ Kg8 38. Nf4 Qg7 39. Qh5 Re7 40. Qh4 Qf7
41. Qg5+ Qg7 42. Qh4 Kf8 43. Nh5 Qh6 44. Be2 Ba6 45. Bf3 Qd2+ 0-1

[Event "Superettan(Solna-En Passant)"]
[Site "?"]
[Date "2009.12.06"]
[Round "4"]
[White "Karlsson, Tomas"]
[Black "Clementsson, Jan"]
[Result "1-0"]
[WhiteElo "2300"]
[BlackElo "2116"]
[PlyCount "133"]

1. e4 e6 2. d4 d5 3. Nc3 dxe4 4. Nxe4 Nd7 5. Nf3 Ngf6 6. Bg5 Be7 7. Nxf6+ Bxf6
8. Bxf6 Nxf6 9. Be2 O-O 10. O-O Qd6 11. c3 c5 12. dxc5 Qxc5 13. Qd4 Qxd4 14.
Nxd4 e5 15. Nb5 a6 16. Nd6 Bg4 17. f3 Be6 18. b3 b5 19. c4 bxc4 20. Nxc4 e4 21.
Nd6 exf3 22. Bxf3 Ra7 23. Rfd1 Rd8 24. Nb7 Rxd1+ 25. Rxd1 Kf8 26. Nc5 Bg4 27.
Bxg4 Nxg4 28. b4 Ke7 29. a4 Ne5 30. Kf2 a5 31. b5 Nc4 32. Rd4 Nb6 33. Nb3 Rd7
34. Re4+ Kf6 35. Nxa5 Ra7 36. Nc6 Rxa4 37. Rxa4 Nxa4 38. Ke3 Nc3 39. Nd4 Ke5
40. Kd3 Nd5 41. Nc6+ Kd6 42. Kd4 f5 43. Ne5 Nb6 44. h4 Ke6 45. Nc4 Nd7 46. b6
g6 47. b7 h6 48. Nb6 Nb8 49. Nc4 g5 50. h5 f4 51. Ke4 Na6 52. Kf3 Kd5 53. Nd2
Ke5 54. Kg4 Nb8 55. Nf3+ Kf6 56. Nd4 Kg7 57. Kf5 Kf7 58. Nf3 Kg7 59. Ne5 Kh7
60. Kf6 Na6 61. Ng4 Nc5 62. b8=N Ne4+ 63. Kf7 Ng3 64. Nf6+ Kh8 65. Nbd7 Nf5 66.
Ne5 Nd6+ 67. Kf8 1-0

[Event "Superettan(Solna-En Passant)"]
[Site "?"]
[Date "2009.12.06"]
[Round "4"]
[White "Landgren, Andreas"]
[Black "Akervall, Nils"]
[Result "1-0"]
[WhiteElo "2220"]
[BlackElo "1972"]
[PlyCount "59"]

1. d4 d6 2. c4 g6 3. Nc3 Bg7 4. e4 e5 5. dxe5 dxe5 6. Qxd8+ Kxd8 7. f4 Nd7 8.
Nf3 f6 9. Be3 c6 10. O-O-O Kc7 11. Be2 Nh6 12. h3 Nf7 13. g4 b6 14. h4 Bb7 15.
h5 Nf8 16. fxe5 Nxe5 17. Nxe5 fxe5 18. Rhf1 Ne6 19. Rf7+ Kb8 20. Rdd7 Bc8 21.
Rxg7 Bxd7 22. Rxd7 gxh5 23. gxh5 Kc8 24. Re7 Nd4 25. Bg4+ Kb8 26. Rxe5 Rg8 27.
Bd1 c5 28. Re7 h6 29. Bxh6 a5 30. Nd5 1-0

[Event "Superettan(Solna-En Passant)"]
[Site "?"]
[Date "2009.12.06"]
[Round "4"]
[White "Karlsson, Anders"]
[Black "Dalmau, Jorgen"]
[Result "0-1"]
[WhiteElo "1918"]
[BlackElo "2201"]
[PlyCount "62"]
[EventDate "2009.??.??"]

1. e4 e5 2. Nf3 Nc6 3. Bb5 a6 4. Ba4 Nf6 5. O-O Be7 6. Re1 b5 7. Bb3 d6 8. h3
Na5 9. d4 exd4 10. Nxd4 c5 11. a4 cxd4 12. axb5 Nxb3 13. cxb3 Bb7 14. bxa6 Rxa6
15. Rxa6 Bxa6 16. Qxd4 O-O 17. Nc3 Qc7 18. Bf4 Rc8 19. e5 dxe5 20. Bxe5 Qc6 21.
b4 Bb7 22. f3 Rd8 23. Qf4 Qb6+ 24. Kh1 Qxb4 25. Qg3 Nh5 26. Qf2 Qh4 27. Qe3 Bc5
28. Qc1 Bxf3 29. Kh2 Bxg2 30. Kxg2 Qf2+ 31. Kh1 Rd3 0-1